北朝鮮と正式な外交関係がある国 (Sudden Death) - Statistics

General Stats
  • This quiz has been taken 218 times
  • The average score is 2 of 34
Answers on the Grid
Answers color-coded by a green-red scale on the quiz's grid according to % correct below.
イラク
モンゴル
ヨルダン
中国
ウルグアイ
韓国
パラグアイ
ドイツ
ブータン
ルーマニア
ブルガリア
ポーランド
エストニア
ラトビア
リトアニア
ポルトガル
スペイン
イスラエル
ガーナ
ウクライナ
アルゼンチン
ギリシャ
ガイアナ
パナマ
ベネズエラ
ハイチ
カナダ
チェコ
フランス
エクアドル
ウズベキスタン
トルクメニスタン
オーストラリア
マレーシア
ニュージーランド
ナイジェリア
パラオ
イギリス
日本
アイスランド
アラブ首長国連邦
ルワンダ
パプアニューギニア
モナコ
ボツワナ
パキスタン
コソボ
アンドラ
エジプト
ニジェール
シンガポール
ボリビア
モルドバ
チリ
オーストリア
ペルー
イタリア
アメリカ
ノルウェー
フィンランド
 
Answer Stats
Answer % Correct
中国
79%
ベネズエラ
18%
トルクメニスタン
17%
イギリス
12%
パキスタン
11%
モンゴル
9%
ウズベキスタン
9%
シンガポール
8%
ポーランド
6%
チェコ
6%
ルワンダ
6%
エジプト
6%
イタリア
6%
ルーマニア
5%
ギリシャ
5%
ドイツ
4%
ガイアナ
4%
ニジェール
4%
モルドバ
4%
スペイン
3%
ナイジェリア
3%
ブルガリア
2%
リトアニア
2%
オーストラリア
2%
ニュージーランド
2%
パプアニューギニア
2%
オーストリア
2%
フィンランド
2%
ラトビア
1%
アイスランド
1%
チリ
1%
ペルー
1%
ガーナ
0%
ノルウェー
0%
No matching quizzes found
Score Distribution
Percent of People with Each Score
Percentile by Number Answered
Your Score History
You have not taken this quiz